| 000 | 01999cam a22002294a 4500 | ||
|---|---|---|---|
| 005 | 20250605164219.0 | ||
| 008 | 250528s ||||||||||||||||||||||||d | ||
| 035 | _a20583 | ||
| 020 | _a9603441759 | ||
| 040 |
_aGR-AtMCL _bgre _dGR-AtMCL _eAACR2 |
||
| 245 | 1 |
_aΔιαφυλικές Σχέσεις / Εισηγήσεις στο Σεμινάριο Κατάρτισης Εκπαιδευτικών-Στελεχών σε Θέματα Σεξουαλικής Αγωγής και Ισότητας των Φύλων. _nΤόμος Β' |
|
| 260 |
_bΕλληνικά Γράμματα, _c1996 |
||
| 300 | _a624 | ||
| 520 | _aΟ παρόν τόμος περιλαμβάνει 66 διαλέξεις-εισηγήσεις διακεκριμένων Ελλήνων ακαδημαϊκών-ερευνητών στα θέματα της σεξουαλικής αγωγής και της ισότητας των δύο φύλων. Πρόλογος, Γυναικείο Κίνημα: Επιδιώξεις και Αποτελέσματα, Ιστορικά Θέματα, Φιλοσοφικά - Κοινωνιολογικά Θέματα, Διαφυλικά Στερεότυπα, Διαμόρφωση της Ταυτότητας του Φύλου, Σεξουαλικότητα των Εφήβων και των Νέων, Σχολική Επίδοση και Επαγγελματικές Προσδοκίες και Κοινωνικές Αξίες, Άτομα με Ειδικές Ανάγκες, Διαφυλικές Σχέσεις και Οικογένεια, Αγωγή των Διαφυλικών Σχέσεων, Κατάλογος Συμμετασχόντων Ομιλητών στο Συμπόσιο. | ||
| 700 | 1 |
_aΓιαννίτσας Νικόλαος Δ _9281 |
|
| 700 | 1 | _aΚαραθανάση-Κατσαούνου Αρετή | |
| 700 | 1 |
_aΜπεζεβέγκης Ηλίας Γ _9502 |
|
| 700 | 1 |
_aΠαρασκευοπουλος Ιωαννης Ν _92858 |
|
| 942 | _cBK | ||
| 999 |
_c5674 _d5674 |
||